Responses for Show #2229 - Thursday, April 21, 1994

Contestants

[<< previous game]

Rich Pearlman, a public relations consultant from Berkeley, California

Jake Fetters, a biochemistry student from Salinas, California

John Hunt, a jazz musician from San Francisco, California (whose 1-day cash winnings total $11,400)

[next game >>]

Jeopardy! Round responses

ASTRONOMY
TV & MOVIE MERCHANDISE
GOING DUTCH
BIBLICAL PEOPLE
FASTENERS
WORLD FLAGS
    $100 2
Galileo

Jake
    $100 16
I love Lucy

Jake
    $100 1
Christmas

Jake
    $100 18
the Ark of the Covenant

John
    $100 14
buckle

Rich
    $100 9
(Alex: The land of the rising sun.)

Japan

Rich
    $200 3
reflecting

John
    $200 17
Bram Stoker's Dracula

John
    $200 5
midnight

Jake
    $200 19
Judas

John
    $200 15
nuts

Jake
    $200 10
Switzerland

Jake
    $300 4
rings

Rich
    $300 25
Star Trek

John
    $300 8
forbidden

Rich
    $300 20
St. Peter

Rich
    $300 28
studs

John
    $300 11
Canada

Jake
    $400 6
(John: What are the names of the planets?)
(Alex: No. We want a more specific answer.)

the names of the planets in order from the Sun

John
    $400 26
Aladdin

Rich
    $400 21
a gasoline station

John
    $400 22
Isaac

John
    $500 29
(John: What is a cloche?)
(Alex: Velour crochet means hooked velvet, and from that we get [*].)

velcro

John
    $400 12
Mexico

John
    $500 7
(Jake: What is Andromeda?)

the Milky Way

Jake
Triple Stumper
    $500 27
A River Runs Through It

Rich
    $500 24
cauliflower

Rich
    $500 23
Seth

John
    $500 30
hook & eye

Rich
    $500 13
(Jake: What is the flag of Cuba?)
...
(Alex: Inspired by the flag of the United States.)

Liberia

JakeRich

Scores at the first commercial break (after clue 15):

John Jake Rich
$1,000 $100 $1,300

Scores at the end of the Jeopardy! Round:

John Jake Rich
$2,900 $200 $3,500

Double Jeopardy! Round responses

EMPERORS
MEDICINE
OHIO
BUSINESS & INDUSTRY
CLASSICAL MUSIC
QUOTES ABOUT AUTHORS
    $200 5
Russia

Rich
    $200 1
toenails

Jake
    $200 30
(John: What is the drinking gourd?)

the pumpkin

John
Triple Stumper
    $200 11
Sears

John
    $200 12
Brahms

John
    $200 25
(Alex: Less than a minute to go.)

Kipling

Rich
    $400 6
Caesar Octavian (or Augustus)

John
    $400 2
the bends

Jake
    $400 24
wheat

Rich
    $400 15
IBM

Rich
    $400 13
Tchaikovsky

John
    $400 29
Shaw

John
    $600 7
Haiti

Jake
    $600 3
antiseptics

Jake
    $3,000 23
the Northwest Territory

Jake
    $600 16
Sharp

Triple Stumper
    $600 14
Beethoven

Rich
    $600 28
Samuel Johnson

Jake
    $800 9
Haile Selassie

John
    $800 4
(John: What is hydrophobia?)

lockjaw (tetanus)

JohnRich
    $800 21
(John: What is Corning?)
(Rich: What is Cleveland?)

Toledo

JohnRich
Triple Stumper
    $800 17
Coors

John
    $800 18
Haydn

John
    $2,500 26
(Rich: What is the Algonquin?)
(Alex: Called "this Round Table wit", he was referring to [*].)

Dorothy Parker

Rich
    $1000 10
(Jake: What is the Ottoman Empire?)
(John: What is the Eastern Roman Empire?)
[Originally ruled incorrect; reversed before clue 23]

the Byzantine Empire

JohnJakeRich
    $1000 8
dialysis

Rich
    $1000 22
Wright-Patterson Air Force Base

Jake
    $1000 20
(Rich: Who was Walgreen?)

(John) Myers

JakeRich
    $1000 19
Borodin

Rich
    $1000 27
Mark Twain

John

Scores at the end of the Double Jeopardy! Round:

John Jake Rich
$7,100 $6,600 $4,800

[wagering suggestions for these scores]

Final Jeopardy! Round responses

FAIRS & EXPOSITIONS
RichWhat is Chicago?
$4,200
JakeWhat is Chicago
$6,400
JohnWhat was Chicago?
$6,101
Chicago

Final scores:

John Jake Rich
$13,201 $13,000 $9,000
2-day champion: $24,601 2nd place: Singer bedroom set + Technics stereo system 3rd place: Gibson Big Food freezer

Game dynamics:

Coryat scores:

John Jake Rich
$7,600 $4,200 $7,300
21 R,
4 W
(including 1 DD)
15 R
(including 1 DD),
3 W
19 R,
3 W
(including 1 DD)

Combined Coryat: $19,100

[game clues] [game scores] [suggest correction]

Game tape date: 1994-01-12
The J! Archive is created by fans, for fans. Scraping, republication, monetization, and malicious use prohibited; this site may use cookies and collect identifying information. See terms. The Jeopardy! game show and all elements thereof, including but not limited to copyright and trademark thereto, are the property of Jeopardy Productions, Inc. and are protected under law. This website is not affiliated with, sponsored by, or operated by Jeopardy Productions, Inc. Join the discussion at JBoard.tv.